Basic Electrical and Electronics Engineering/ (Record no. 175622)

MARC details
000 -LEADER
fixed length control field 01040nam a22002657a 4500
005 - DATE AND TIME OF LATEST TRANSACTION
control field 20200911110350.0
010 ## - LCCN (DPL NO)
LC control number ENG-128412
020 ## - INTERNATIONAL STANDARD BOOK NUMBER
Terms of availability 569.00
International Standard Book Number 9789353945077
035 ## - SYSTEM CONTROL NUMBER
System control number EN-111944
037 ## - SOURCE OF ACQUISITION
Source of stock number/acquisition DBAD/PUB
082 ## - DEWEY DECIMAL CLASSIFICATION NUMBER
Classification number 621.38
100 ## - MAIN ENTRY--PERSONAL NAME
Personal name Bhattacharya, S.K
245 ## - TITLE STATEMENT
Title Basic Electrical and Electronics Engineering/
Statement of responsibility, etc by S.K. Bhattacharya, S. Bhattacharya, S. Annadurai. N.P.Ananthamoorthy, A. Khaja Najumudeen and S. Joshua Daniel ; Edited by King D. Charles Fenny and C. Purushothaman
260 ## - PUBLICATION, DISTRIBUTION, ETC. (IMPRINT)
Place of publication, distribution, etc Noida
Name of publisher, distributor, etc Pearson
Date of publication, distribution, etc 2020
270 ## - ADDRESS
Address 15th floor,Tower-B,Word Trade Tower,Plot no.1,Block-C sec 16,
City Noida
Postal code 201301
Telephone number 04466540100
Electronic mail address companysecretary.india@pearson.com
300 ## - PHYSICAL DESCRIPTION
Extent xii;various pages.
Dimensions 253.5cm(pbk)
Other physical details Illustrations
700 ## - ADDED ENTRY--PERSONAL NAME
Personal name Bhattacharya, S.
700 ## - ADDED ENTRY--PERSONAL NAME
Personal name Annadurai, S.
700 ## - ADDED ENTRY--PERSONAL NAME
Personal name Ananthamoorthy, A. Khaja
700 ## - ADDED ENTRY--PERSONAL NAME
Personal name Daniel, S. Joshua
700 ## - ADDED ENTRY--PERSONAL NAME
Personal name Najumudeen, A. Khaja
700 ## - ADDED ENTRY--PERSONAL NAME
Personal name Fenny, King D. Charles
700 ## - ADDED ENTRY--PERSONAL NAME
Personal name Purushothaman, C.
942 ## - ADDED ENTRY ELEMENTS (KOHA)
Source of classification or shelving scheme Dewey Decimal Classification
Item type English Books
Classification part 621.38
Call number suffix BHA
Holdings
Withdrawn status Lost status Not for loan Collection code Home library Current library Date acquired Source of acquisition Cost, normal purchase price Full call number Barcode Cost, replacement price Koha item type
      Non-fiction Ashok Vihar Ashok Vihar 11/09/2020 DBAD/PUB 569.00 621.38 BHA EN-111944 569.00 English Books

© Delhi Public Library
Hit Counter
free hit counter